Least Guessed Countries On JetPunk - Statistics

General Stats
  • This quiz has been taken 27 times
  • The average score is 10 of 15
Answer Stats
Hint Answer % Correct
24% Palau
85%
24% Kiribati
81%
26% Marshall Islands
81%
28% Solomon Islands
81%
23% Nauru
77%
26% Vanuatu
77%
28% Saint Kitts and Nevis
73%
24% Saint Vincent and the Grenadines
73%
25% Tuvalu
73%
23% Comoros
69%
22% São Tomé and Príncipe
69%
28% East Timor
65%
24% Grenada
58%
27% Guinea-Bissau
42%
28% Burundi
38%
No matching quizzes found
Score Distribution
Percent of People with Each Score
Percentile by Number Answered
Your Score History
You have not taken this quiz